Rok założenia polskich klubów piłkarskich - Statystyki

Ogólne statystyki
  • Ten quiz został rozwiązany 16 razy
  • Średni wynik to 10 z 25
Statystyki odpowiedzi
Hint Odpowiedź % Poprawnych
Legia Warszawa 1916
64%
Pogoń Szczecin 1948
64%
Wisła Kraków 1906
50%
Widzew Łódź 1910
50%
Ruch Chorzów 1920
50%
Lechia Gdańsk 1945
50%
Śląsk Wrocław 1947
50%
Górnik Zabrze 1948
50%
ŁKS Łódź 1908
43%
Arka Gdynia 1929
43%
Stomil Olsztyn 1945
43%
Wisła Płock 1947
43%
Zagłębie Sosnowiec 1906
36%
Polonia Warszawa 1911
36%
Raków Częstochowa 1921
36%
Puszcza Niepołomice 1923
36%
Stal Rzeszów 1944
36%
Hutnik Kraków 1950
36%
Warta Poznań 1912
29%
Stal Stalowa Wola 1938
29%
Elana Toruń 1968
29%
KP Starogard Gdański 2008
29%
KKS Kalisz 1925
21%
ŁKS Łomża 1926
21%
Olimpia Elbląg 1945
21%
Nie znaleziono quizów pasujących do podanych kryteriów
Rozkład punktacji
Procent ludzi z każdym wynikiem
Percentyl według liczby udzielonych odpowiedzi
Twoja historia wyników
Nie rozwiązałeś tego quizu